Historia de los franceses en la Argentina

Uloženo v:
Podrobná bibliografie
Hlavní autor: Otero, Hernán (autor)
Médium: Kniha
Jazyk:španělština
Vydáno: Buenos Aires Biblos 2012
Vydání:1a. ed
Edice:La Argentina Plural
Témata:
Tagy: Přidat tag
Žádné tagy, Buďte první, kdo vytvoří štítek k tomuto záznamu!

MARC

LEADER 00000cam a2200000 a 4500
001 UCF1277
003 CL-VaPUC
008 120629e20120000AG |||||||||||||||||spa|d
020 |a 9789507869389 
082 0 4 |a 304.882044  |b OTE  |2 21 
100 |a Otero, Hernán  |e autor  |9 562868 
245 1 0 |a Historia de los franceses en la Argentina 
250 |a 1a. ed 
300 |a 387 p 
942 |c BK 
945 |d 20120629 00:00:00  |a cmena 
260 |a Buenos Aires  |b Biblos  |c 2012 
650 0 |a Inmigración  |9 268290 
650 0 |a Historia de Argentina  |9 319851 
650 0 |a Movimientos sociales  |9 315241 
650 0 |a Integración social  |9 319662 
650 0 |a Grupos sociales  |9 268887 
650 0 |a Influencia social  |9 309315 
651 0 |a Francia  |9 255157 
651 0 |a Argentina  |9 254888 
583 |a last modification  |c 20120629 12:35:00  |k Rodrigo Vera 
490 0 |a La Argentina Plural 
999 |c 348153  |d 348151 
952 |0 0  |1 0  |4 0  |6 304_882044000000000_OTE_2012  |7 0  |8 A  |9 450059  |a BIBHIS  |b BIBHIS  |d 2019-11-22  |i 4875737  |o 304.882044 OTE 2012  |p 4875737  |r 2025-01-20  |w 2019-11-22  |y BK  |k HIS